Retail OSCAR (Record no. 118915)

MARC details
000 -LEADER
fixed length control field 01419cas a22002295a 4500
001 - CONTROL NUMBER
control field L137803
008 - FIXED-LENGTH DATA ELEMENTS--GENERAL INFORMATION
fixed length control field 100803c2006 xxkar wf ss 000 00eng d
035 ## - SYSTEM CONTROL NUMBER
System control number (Sirsi) u137803
041 0# - LANGUAGE CODE
Language code of text/sound track or separate title eng
110 2# - MAIN ENTRY--CORPORATE NAME
Corporate name or jurisdiction name as entry element Jones Lang LaSalle
9 (RLIN) 3755
245 00 - TITLE STATEMENT
Title Retail OSCAR
Remainder of title service charge analysis for shopping centres
Medium [electronic resource]
260 ## - PUBLICATION, DISTRIBUTION, ETC.
Place of publication, distribution, etc. London
Name of publisher, distributor, etc. JLL
Date of publication, distribution, etc. 2006-
362 0# - DATES OF PUBLICATION AND/OR SEQUENTIAL DESIGNATION
Dates of publication and/or sequential designation 2006-
490 #0 - SERIES STATEMENT
Series statement Jones Lang LaSalle Retail OSCAR Service Charge Analysis for Shopping Centres
520 ## - SUMMARY, ETC.
Summary, etc. Jones Lang LaSalle's Retail OSCAR is the largest survey of shopping centre service charge information in the UK. The significant, representative sample of shopping centres which contribute to this report allows the reader to examine current trends and comparisons across type, size and location of each of the RICS approved heads of expenditure. Note: Retail OSCAR 2008 uploaded 16/11/2009; Retail Oscar 2007 uploaded 01/07/2008, and Retail Oscar 2006 uploaded 05/05/2006.
554 ## -
-- Annual
651 #4 - SUBJECT ADDED ENTRY--GEOGRAPHIC NAME
Geographic name United Kingdom
Chronological subdivision
690 ## - LOCAL SUBJECT ADDED ENTRY--TOPICAL TERM (OCLC, RLIN)
Topical term or geographic name as entry element PROPERTY-COMMERCIAL PROPERTY-COMMERCIAL PROPERTY MARKET
690 ## - LOCAL SUBJECT ADDED ENTRY--TOPICAL TERM (OCLC, RLIN)
Topical term or geographic name as entry element PROPERTY-COMMERCIAL PROPERTY-LEASEHOLD COMMERCIAL PROPERTY-COMMERCIAL LANDLORD AND TENANT-COMMERCIAL SERVICE CHARGES
856 40 - ELECTRONIC LOCATION AND ACCESS
Uniform Resource Identifier <a href="https://www.joneslanglasalle.co.uk/UnitedKingdom/EN-GB/Pages/ResearchFilter.aspx">https://www.joneslanglasalle.co.uk/UnitedKingdom/EN-GB/Pages/ResearchFilter.aspx</a>
Public note View the item free of charge after registration at www.joneslanglasalle.co.uk...
942 ## - ADDED ENTRY ELEMENTS (KOHA)
Suppress in OPAC 0
Holdings
Withdrawn status Lost status Source of classification or shelving scheme Damaged status Not for loan Home library Current library Shelving location Date acquired Total Checkouts Full call number Barcode Date last seen Copy number Price effective from Koha item type
    Dewey Decimal Classification     Virtual Virtual Online 01/05/2007   ONLINE PUBLICATION 137803-2001 06/08/2019 1 06/08/2019 Book